Statistiques concernant Quiz Voitures: Italiennes

Cliquez ici pour prendre le quiz!

Statistiques générales

  • Ce quiz a été pris 288 fois
    (269 depuis la dernière actualisation)
  • Le résultat moyen est 12 sur 48

Statistiques - réponses

Réponse% Correct
Fiat 500
82%
Lamborghini Countach
64%
Lamborghini Aventador
63%
Ferrari Laferrari
58%
Lancia Delta
56%
abarth 500
50%
Ferrari 812 Superfast
45%
Ferrari F40
45%
Ferrari F430
34%
Lamborghini Huracan
34%
Alfa Romeo 4C
33%
Lancia Stratos
32%
Ferrari F12 Berlinetta
31%
Maserati Quattroporte
31%
Ferrari F50
29%
Ferrari 458 Italia
28%
Pagani Huayra
28%
Ferrari Enzo
27%
Fiat 124
26%
Ferrari 360 Modena
24%
Ferrari Testarossa
24%
Fiat 500X
24%
Maserati Granturismo
24%
Ferrari 599 GTO
23%
Alfa Romeo Giulia
22%
Lamborghini Veneno
21%
Lamborghini Gallardo
20%
Abarth 124
19%
Ferrari 288 GTO
17%
Ferrari FF
17%
Alfa Romeo Giulietta
15%
Lamborghini Murcielago
15%
Lamborghini Miura
14%
Maserati Levante
12%
Alfa Romeo Brera
11%
Ferrari 458 Speciale
11%
Ferrari California
11%
Lamborghini Diablo SV
11%
Ferrari 599 GTB
9%
Fiat Freemont
9%
Abarth 600
8%
Ferrari 488 GTB
8%
Alfa Romeo GTV
6%
Alfa Romeo GTV
6%
Ferrari GTC4 Lusso
6%
Fiat Stilo
4%
Alfa Romeo 159
3%
Maserati 4200 GT
2%

Distribution des résultats

Percentile par nombre de réponses

% des personnes avec chaque résultat

Votre développement - résultats

Vous n’avez pas pris ce quiz depuis la dernière actualisation